| 000 | 00979nas a2200337 4500 | ||
|---|---|---|---|
| 001 | BR0205852 | ||
| 003 | BR-BrBNA | ||
| 005 | 20231205103422.0 | ||
| 007 | ta | ||
| 008 | 230509b bl.|||p| |||| 00| 00por d | ||
| 040 |
_aBR-BrBNA _bpor _cBiblioteca Nacional de Agricultura |
||
| 041 | _a(Pt) | ||
| 072 | _aL53; L10 | ||
| 100 | 1 | _aLima, P.F. | |
| 100 | 1 | _aOliveira, D.F.F. | |
| 100 | 1 | _aPina, V.M.R. | |
| 100 | 1 | _aAlves, J.D.R. | |
| 100 | 1 | _aCavalcanti Neto, C.C. | |
| 100 | 1 | _aAzevedo, J.B. | |
| 100 | 1 | _aOliveira, M.A.L. | |
| 245 | 1 | _aAdição do retinol ao meio de cultura de embriões Bos indicus | |
| 650 | _aGADO ZEBU | ||
| 650 | _aEMBRIOGÊNESE | ||
| 650 | _aOVÁRIO | ||
| 650 | _aVITAMINA A | ||
| 650 | _aCULTURA IN VITRO | ||
| 650 | _aQUALIDADE | ||
| 773 | 0 |
_tRevista Brasileira de Reprodução Animal (Brazil) _xISSN 0102-0803 _g(Jul-Sep 2002), v. 26(3) p. 163-165 _wBR0205852 |
|
| 909 |
_a202311 _bLúcia _c55 _dLúcia Elande |
||
| 942 |
_2AGRIS _n0 _cANA |
||
| 999 |
_c172760 _d172760 |
||